000 00791 a2200229 4500
005 20251202164247.0
008 251202b |||||||| |||| 00| 0 eng d
020 _a9789366274782 (hbk)
037 _cTB
040 _aCRL
_cCRL
041 _2eng
_aeng
084 _aV2.M<-L R5
_qCRL
100 _aDeshpande, Anirudh
_9822075
245 _aKing, country and war:
_bideology, memory and written Indian history, c.1600-1900
260 _aDelhi, India:
_bPrimus Books,
_c2025.
300 _axxviii, 248p.
365 _b1450.00
_cINR
650 _aHistory
_9853929
650 _aIndia - History
_9853930
942 _cTB
_2CC
_n0
_hV2.M<-L R5
999 _c1435856
_d1435856